000 01305nam a2200229 i 4500
001 189613
003 SpMaBN
005 20250902185530.0
008 190625s1876 sp |||| | spa d
080 _a528.94:550.8(460)(060.55)
110 2 _aComisión del Mapa Geológico de España.
_93030
245 1 0 _aMemoria que presenta al Illmo. Sr. Director General de Agricultura, Industria y Comercio, el director de la Comisión Ejecutiva del Mapa Geológico de España, dando cuenta del estado de los trabajos y material de la Comisión en 1º de julio de 1874 /
_c[Manuel Fernández de Castro].
260 _aMadrid :
_bImp. y Fundición de Manuel Tello,
_c1876.
300 _a183 p. ;
_c26 cm.
530 _aDisponible en formato digital.
594 _aNombre del director de la Comisión, Manuel Fernández de Castro, en p. 174 y p. 181.
610 2 7 _aComisión del Mapa Geológico de España-
_vMemorias.
_9155974
700 1 _aFernández de Castro, Manuel,
_d1825-1895
_949645
852 4 _aES-MaACL
_jL-32450(10)
_z- Enc. cart.
_z- Enc. en un vol. facticio, con tít. en el lomo de: España, geología: memorias varias, 3
_z- Legado Federico de Botella y de Hornos
856 4 _uhttp://bdh-rd.bne.es/viewer.vm?id=0000115264&page=1
_zBiblioteca Digital Hispánica
999 _c189613
_d189613